000 00332nam a2200145Ia 4500
008 191201s2005 xx 000 0 und d
082 _a658.5
_bHEO
100 _aHELLERIGAL, Slocum
245 0 _aOrganizational Behavior
250 _a10th
260 _aN.Delhi
_bThomson
_c2005
300 _a460
650 _aMBA
942 _2ddc
_cBK
999 _c3090
_d3090